| 000 | 00472cam a2200169Ia 4500 | ||
|---|---|---|---|
| 020 | _a971104143X | ||
| 040 | _cB | ||
| 082 | _a630 INT 1985 A045 Or. | ||
| 245 | 0 | 0 | _aInsights of outstanding farmers |
| 260 |
_aManila, Philippines : _bInternational Rice Research Institute, _c1985 |
||
| 300 |
_avii, 114 p. : _bill., maps ; _c23 cm |
||
| 650 | 0 | _aRice farmers | |
| 650 | 0 | _aRice | |
| 650 | 0 | _aAgriculture | |
| 710 | 2 | _aInternational Rice Research Institute | |
| 942 | _cEK | ||
| 999 |
_c13145 _d13145 |
||